| Registos Bibliográficos associados ao registo de autoridade |
|
Etiqueta de registo: 00254nam 2200025 450 001 2288784 003 http://id.bnportugal.gov.pt/bib/catbnp/2288784 100 ## $a20260625d2024 k y0pory01030103ba 101 0# $apor$deng 102 ## $aPT 105 ## $aa z 001yy 106 ## $ar 200 1# $aJorge Pinheiro - obra figurativa$ereferenciais-diferenciais$fIsabel Maria Ventura Tavares$gorient. Maria Margarida Teixeira Barradas Calado 210 #9 $aLisboa$c[s.n.],$d2024 215 ## $aXIV, 319 p.$cil.$d30 cm 328 #1 $aTese dout. Belas-Artes (Ciências da Arte e do Património), Faculdade de Belas-Artes
da Universidade de Lisboa, 2024 700 #1 $aTavares,$bIsabel Maria Ventura$32001652 702 #1 $aCalado,$bMargarida,$f1947-$4727$327442 801 #0 $aPT$bBN$gRPC 966 ## $lBN$mFGMON$x1 971 ## $cisantos$d20260625
|
|
|